<?xml version="1.0" encoding="UTF-8"?>
<record
    xmlns:xsi="http://www.w3.org/2001/XMLSchema-instance"
    xsi:schemaLocation="http://www.loc.gov/MARC21/slim http://www.loc.gov/standards/marcxml/schema/MARC21slim.xsd"
    xmlns="http://www.loc.gov/MARC21/slim">

  <leader>01133nam a2200253 a 4500</leader>
  <controlfield tag="003">DO-SdBNP</controlfield>
  <controlfield tag="005">20250707112615.0</controlfield>
  <controlfield tag="007">ta</controlfield>
  <controlfield tag="008">190722e2002       ad         100   spa d</controlfield>
  <datafield tag="040" ind1=" " ind2=" ">
    <subfield code="a">DO-SdBNP</subfield>
    <subfield code="c">spa</subfield>
    <subfield code="e">BNPHU</subfield>
  </datafield>
  <datafield tag="082" ind1=" " ind2="4">
    <subfield code="a">330.97293</subfield>
    <subfield code="b">R426d</subfield>
    <subfield code="2">22</subfield>
  </datafield>
  <datafield tag="111" ind1=" " ind2="2">
    <subfield code="a">Rep&#xFA;blica Domininicana. Secretar&#xED;a de Estado de Finanzas </subfield>
    <subfield code="d">(2002:</subfield>
    <subfield code="c">Santiago de los Caballeros)</subfield>
    <subfield code="j">Conferencia</subfield>
    <subfield code="9">82345</subfield>
  </datafield>
  <datafield tag="245" ind1="1" ind2="0">
    <subfield code="a">Un desaf&#xED;o diferente : </subfield>
    <subfield code="b">crear una naci&#xF3;n de combatientes /</subfield>
    <subfield code="c">presentaci&#xF3;n, Fernando &#xC1;lvarez Bogaert</subfield>
  </datafield>
  <datafield tag="260" ind1=" " ind2=" ">
    <subfield code="a">Santo Domingo,</subfield>
    <subfield code="c">2002.</subfield>
  </datafield>
  <datafield tag="300" ind1=" " ind2=" ">
    <subfield code="a">71 p.: </subfield>
    <subfield code="b">il.;</subfield>
    <subfield code="f">28 cm</subfield>
  </datafield>
  <datafield tag="500" ind1=" " ind2=" ">
    <subfield code="a">Conferencia auspiciada por la Universidad Cat&#xF3;lica Madre y Maestra y la Asociaci&#xF3;n  para el Desarrollo de Santiago, 30 de enero 2002.</subfield>
  </datafield>
  <datafield tag="590" ind1=" " ind2=" ">
    <subfield code="a">Inventariado, 2022 / SA</subfield>
  </datafield>
  <datafield tag="611" ind1=" " ind2="4">
    <subfield code="a">Conferencia</subfield>
    <subfield code="c">(Santiago, Rep&#xFA;blica Dominicana)</subfield>
    <subfield code="x">Econom&#xED;a</subfield>
    <subfield code="y">2001-2002:</subfield>
    <subfield code="9">82351</subfield>
  </datafield>
  <datafield tag="630" ind1=" " ind2="4">
    <subfield code="9">53426</subfield>
    <subfield code="a">La econom&#xED;a dominicana </subfield>
    <subfield code="z">2001-2002</subfield>
  </datafield>
  <datafield tag="650" ind1=" " ind2="4">
    <subfield code="9">78263</subfield>
    <subfield code="a">Econom&#xED;a </subfield>
    <subfield code="x">Finanza</subfield>
    <subfield code="y">2001-2002</subfield>
    <subfield code="z">Rep&#xFA;blica Dominicana</subfield>
  </datafield>
  <datafield tag="650" ind1=" " ind2="0">
    <subfield code="a">Economia </subfield>
    <subfield code="v">Conferencia</subfield>
    <subfield code="9">85383</subfield>
  </datafield>
  <datafield tag="700" ind1=" " ind2="1">
    <subfield code="a">&#xC1;lvarez Bogaert, Fernando</subfield>
    <subfield code="e">presentaci&#xF3;n</subfield>
    <subfield code="9">56497</subfield>
  </datafield>
  <datafield tag="942" ind1=" " ind2=" ">
    <subfield code="2">ddc</subfield>
    <subfield code="c">LBS1</subfield>
  </datafield>
  <datafield tag="952" ind1=" " ind2=" ">
    <subfield code="0">0</subfield>
    <subfield code="1">0</subfield>
    <subfield code="2">ddc</subfield>
    <subfield code="5">1</subfield>
    <subfield code="7">0</subfield>
    <subfield code="8">PD</subfield>
    <subfield code="a">BNPHU</subfield>
    <subfield code="b">BNPHU</subfield>
    <subfield code="c">CT</subfield>
    <subfield code="d">2017-07-27</subfield>
    <subfield code="e">Donado</subfield>
    <subfield code="l">0</subfield>
    <subfield code="o">BNPHU PD 330.97293 R426d</subfield>
    <subfield code="p">2022-3910</subfield>
    <subfield code="r">2022-09-12</subfield>
    <subfield code="w">2022-09-12</subfield>
    <subfield code="y">LBS1</subfield>
  </datafield>
  <datafield tag="999" ind1=" " ind2=" ">
    <subfield code="c">48614</subfield>
    <subfield code="d">48614</subfield>
  </datafield>
</record>
